|
|
|
|
| LEADER |
00000nam a22000007a 4500 |
| 005 |
20210905150954.0 |
| 007 |
cr|||| |||| |
| 008 |
210905s2020 eu |||||s|||| 00||0 eng d |
| 020 |
|
|
|a 978-92-846-7533-3
|
| 035 |
|
|
|a 34600
|
| 040 |
|
|
|a vLex
|
| 090 |
|
|
|c 12252
|d 12252
|
| 100 |
1 |
|
|a Ballesteros, Marta
|
| 245 |
1 |
3 |
|a The impact of COVID-19 on the internal market and consumer protection
|h [Recurso electrn̤ico] /
|c Marta Ballesteros, Caterina Mariotti, Agnieszka Markowska
|
| 256 |
|
|
|a Servicio en ln̕ea
|
| 260 |
|
|
|a Bruselas:
|b European Union Publications Office,
|c 2020
|
| 300 |
|
|
|a 1 recurso electrn̤ico
|
| 500 |
|
|
|a These proceedings summarise the presentations and discussions that took place during the IMCO webinar held on 9 November 2020 on the impact of COVID-19 on the Internal Market and consumer protection. The webinar was structured in two panels, each consisting of two presentations and two Q&A sessions. The first panel focused on the free movement of goods and people. The second panel was devoted to consumer protection and provision of services. This document was provided by the Policy Department for Economic, Scientific and Quality of Life Policies for the committee on Internal Market and Consumer Protection (IMCO).
|
| 506 |
1 |
|
|a Disponible solo en los productos indicados
|d vLex Global
|d vLex Global (Academic Edition, excluding Law Schools)
|d vLex Global (U.S. Academic Edition, Law Schools)
|d vLex Global (U.S. Academic Edition, excluding Law Schools)
|d vLex Global (Academic Edition, Law Schools)
|
| 650 |
0 |
4 |
|a Derecho Pb︢lico y Administrativo
|z Unin̤ Europea
|
| 700 |
1 |
|
|a Mariotti, Caterina
|
| 700 |
1 |
|
|a Markowska, Agnieszka
|
| 740 |
0 |
|
|a vLex Libros (Servicio en ln̕ea)
|
| 856 |
4 |
0 |
|u https://app.vlex.com/#/sources/34600
|z Acceso restringido
|
| 942 |
|
|
|c BOOK
|
| 999 |
0 |
|
|a Public and Administrative Law
|